LEADER 00810nam0 22002411i 450 001 UON00307922 005 20231205104042.271 100 $a20080212d1958 |0itac50 ba 101 $aita 102 $aIT 105 $a|||| 1|||| 200 1 $aRacconti$fRomano Bilenchi 210 $aFirenze$cVallecchi$d1958 215 $a398 p.$d20 cm. 620 $aIT$dFirenze$3UONL000052 700 1$aBILENCHI$bRomano$3UONV176316$0151969 712 $aVallecchi$3UONV246715$4650 801 $aIT$bSOL$c20240220$gRICA 899 $aSIBA - SISTEMA BIBLIOTECARIO DI ATENEO$2UONSI 912 $aUON00307922 950 $aSIBA - SISTEMA BIBLIOTECARIO DI ATENEO$dSI ITA VI 0063 $eSI MR 75961 5 0063 996 $aRacconti$9532357 997 $aUNIOR LEADER 00869nbm0 22002531i 450 001 UON00469857 005 20231205105159.505 100 $a20160928f |0itac50 ba 101 $aita$aORM 102 $aIT 105 $a|||| ||||| 181 $ai$b 182 $an 200 1 $aAfrica$fAlessandro Coletti 210 $a1975 ca 215 $aTesto manoscritto a fogli sciolti$e1 busta contenente schede manoscritte 686 $aMANOSCRITTI$cManoscritti$2A 700 1$aColetti$bAlessandro$cIranista$3UONV009279$00 801 $aIT$bSOL$c20250307$gRICA 899 $aSIBA - SISTEMA BIBLIOTECARIO DI ATENEO$2UONSI 912 $aUON00469857 950 $aSIBA - SISTEMA BIBLIOTECARIO DI ATENEO$dSI MS COLETTI 005 $eSI SA 57881 7 005 996 $aAfrica$91399858 997 $aUNIOR